02460pam a22004211i 4500001001900000003000600019005001700025006001900042007001500061008004100076015001900117020001800136035002500154035002100179035001800200037004800218040003900266042001100305100003300316245006200349264003600411300003800447490002000485500001300505500001300518506018600531520080000717540017001517588005601687650003101743653004801774655002701822655002701849700003501876942000801911952010401919999001502023991014885319707026UkOxU20250331150251.0m || d | cr |||||||||||210505s2021 enka o 000|f|eng|d aGBC1B14512bnb a9780241520697 a022672510-44oxf_inst a(UkOxU)022672510 a(Uk)020258587 aPenguinBooksLtd766639bIngram Content Group aStDuBDSbengerdaepncStDuBDSdUk aukblsr aYoon, David,eauthor.92510300aFrankly in love c/ adapted from the novel by David Yoon. 1aLondon :bPenguin Books,c2021. a80 pages : illustrations ; 20 cm.0 aPenguin readers aLevel 3. aAcademic1 aLegal Deposit;cOnly available on premises controlled by the deposit library and to one user at any one time;eThe Legal Deposit Libraries (Non-Print Works) Regulations (UK).5UkOxU aWith carefully adapted text, new illustrations, language practise activities and additional online resources, the Penguin Readers series introduces language learners to bestselling authors and compelling content. Titles include popular classics, exciting contemporary fiction, and thought-provoking non-fiction. Frankly in Love, a Level 3 Reader, is A2 in the CEFR framework. The text is made up of sentences with up to three clauses, introducing first conditional, past continuous and present perfect simple for general experience. It is well supported by illustrations, which appear on most pages. Frank Li has Korean parents, but he feels that he's American. At high school, he falls in love for the first time with Brit, the girl of his dreams. But there's a problem: Brit is not Korean... aRestricted: Printing from this resource is governed by The Legal Deposit Libraries (Non-Print Works) Regulations (UK) and UK copyright law currently in force.5UkOxU aDescription based on CIP data; resource not viewed. 0aKorean AmericansvFiction. aLevel 3 Reader, is A2 in the CEFR framework 0aRomance fiction922778 0aReaders (Adult)922484 aYoon, David,tFrankly in love. 2lcc 00102lcc4070aTBSbTBSd2025-03-31l0oREADER-EN YOOpB07522r2025-03-31t1w2025-03-31yENGLISH c4620d4620